1286 1542 1550 1995 1386 1659 1564 1704 1403 1870 1855 1393 1555 1179 1027 1339 1099 1156 1517 1896 1068 1516 1152 1015 1015 1597 1476 1434 1790 1310 1733 1131 1531 1481 1439 1951 1931 1140 1686 1637 1041 1571 1224 1549 1618 1832 1510 1183 1250 1089 1040 1196 1506 1052 1493 1893 1924 1052 1468 1161 1461 1437 1956 1011 1284 1895 1141 1295 1428 1839 1038 1456 1195 1109 1109 1750 1263 1541 1808 1424 1655 1417 1409 1443 1060 1759 1013 1060 1723 1874 1440 1403 1811 1922 1497 1711 1663 1948 1840 BCNSPRNW ULIB Ver.6.0+V

เปลี่ยนเป็นภาษาไทย

Change to English
 แสดงรายละเอียดบรรณานุกรม
  กลับหน้าหลัก

Brief Record : Get Marc (ISO 2709) : E-mail record : QR code < ปิดหน้าต่าง
LEADER : 00000nam 2200000uu 4500
001    13399112203
003     ULIB
008    110801s2554||||th 000 0 tha d
020    9786167138183
090    นว.^bอ657 2554
100 0  อาริตา
245 00 ลิขิตไฟในผืนทราย./^cอาริตา
260    กรุงเทพฯ:^bลีลา,^c2554.
300    352 หน้า
945    ^p280^l0^i18459
995    เกษร
999 ^a ใช้งานได้ทุกระบบ
รายการนี้ยังไม่มีแท็ก
คุณยังไม่ได้ล็อกอิน คุณสามารถมีกิจกรรมร่วมกับเว็บไซต์ได้ แต่ต้องล็อกอินก่อน ::
  ล็อกอิน

รายการสื่อสารสนเทศ

ลำดับที่ ประเภท เลขเรียก/บาร์โค้ด สถานที่ สถานะ
1. วิทยาศาสตร์การแพทย์ และสุขภาพ
วิทยาศาสตร์การแพทย์ และสุขภาพ
นว. อ657 2554  
  Barcode: 18459
ห้องสมุดวิทยาเขตสวรรค์ประชารักษ์
►นวนิยาย
บนชั้น
  ขอยืม

รายการใกล้เคียง
    ผู้แต่ง [อาริตา]

BibComment


ยังไม่เคยถูกคอมเมนท์

คอมเมนท์ทรัพยากรรายการนี้
  คอมเมนท์: ลิขิตไฟในผืนทราย ..


 Copyright 2026. Bcnsprnw @Library